000
00285nam a2200121Ia 4500
008
220216s9999 xx 000 0 und d
100
_a
Kpolo D Mapri
245
0
_a
Cote dIvoire major NR producer
260
_b
Rubber Asia
_c
1999
300
_a
73-75
650
_a
Cameroon
942
_c
JS
999
_c
56449
_d
56449